| 000 | 00941nam a2200277 a 4500 | ||
|---|---|---|---|
| 001 | BRL_1652 | ||
| 005 | 20190320211315.0 | ||
| 008 | 210414t1975----mx-a######---#000-0#spa-# | ||
| 041 | _aspa | ||
| 044 | _amx | ||
| 050 | 4 |
_aF1229 _b.C27 1975 |
|
| 100 | 1 |
_aCasarrubias C., Vicente _927538 |
|
| 245 | 1 | 0 |
_aRebeliones indígenas en la Nueva España _cVicente Casarrubias C. ; prólogo Alberto Morales Jiménez ; Carátula por M. H. Hernandez. |
| 250 | _a5a ed. | ||
| 260 |
_aMéxico _bSecretaría de Obras y Servicios _c1975 |
||
| 300 |
_a187 p. _c19 cm. |
||
| 440 | 0 |
_aColección Metropolitana _v40 _927539 |
|
| 500 | _aej.1 Aud1900, ej.2 Au1933 | ||
| 500 | _aLa biblioteca cuenta con 2 ejemplares | ||
| 650 | 1 | 4 |
_aIndígenas de México _xGuerra _927540 |
| 651 | 4 |
_aMéxico _xHistoria _yHasta 1810 _927541 |
|
| 700 | 1 |
_aJiménez Morales, Alberto _epról. _927542 |
|
| 700 | 1 |
_aH. Hernández, M. _927543 |
|
| 902 | _aGRL | ||
| 942 |
_2lcc _cB |
||
| 999 |
_c10461 _d10461 |
||